| 000 | 00403nam a22001697a 4500 | ||
|---|---|---|---|
| 003 | OSt | ||
| 008 | 230509b |||||||| |||| 00| 0 eng d | ||
| 020 | _a9780670090228 | ||
| 082 | _a338.80954 CAT | ||
| 100 | _aCASEY,Peter | ||
| 245 | _aThe Story of TATA (1868 to 2021) | ||
| 250 | _a1st Ed | ||
| 260 |
_aNew Delhi _bPenguin _c2021 |
||
| 300 | _a207 | ||
| 650 | _aDecentralization | ||
| 942 |
_2ddc _cREF |
||
| 999 |
_c12008 _d12008 |
||